Statystyki dla Największe miasta w Polsce na literę B

Kliknij tutaj aby rozwiązać quiz!

Ogólne statystyki

  • Ten quiz został rozwiązany 534 razy
  • Średni wynik to 7 z 15

Statystyki odpowiedzi

PopulacjaMiasto% Poprawnych
348,000Bydgoszcz
91%
297,000Białystok
90%
170,000Bielsko-Biała
75%
165,000Bytom
73%
57,000Biała Podlaska
55%
56,000Bełchatów
43%
55,000Będzin
40%
38,000Bolesławiec
36%
35,000Brzeg
27%
25,000Bielsk Podlaski
26%
28,000Bochnia
26%
26,000Biłgoraj
25%
24,000Białogard
18%
28,000Brodnica
17%
29,000Bielawa
13%

Rozkład punktacji

Percentyl według liczby udzielonych odpowiedzi

Procent ludzi z każdym wynikiem

Twoja historia wyników

Nie rozwiązałeś tego quizu